000 00479nam a2200181Ia 4500
005 20250326141134.0
008 250326s9999 xx 000 0 und d
037 _aTextbook
040 _aFMSL
_beng
_cFMSL
041 _aeng
_2eng
084 _aY:4.44 N7
_qFMSL
100 _aSarkar S
245 0 _aWriting social history
_cSarkar S
260 _aDelhi
_bDelhi, Oxford University
_c1997
300 _a400p
942 _cTB
_hY:4.44 N7
999 _c1288877
_d1288877